000 00641cam a2200217 4500
001 ABS62297
008 000000n2000 000 0 eng u
035 _a(Sirsi) u106075
100 _aWilcox, R.
245 _aMaking the grade
260 _c2000
490 _aCountry
_vMay 2000, 35-37(3)
520 _aReports on two recent court cases that have tightened listed building legislation. Considers the impact on owners of ancestral homes in the UK.
590 _aABS
650 _aLISTED BUILDINGS
650 _aHISTORIC BUILDINGS
650 _aFIXTURES
650 _aFITTINGS
690 _aBUILDING CONSERVATION
942 _n0
999 _c63543
_d63543